[Event "Challenge"]
[Site "http://www.queenalice.com/game.php?id=1159725"]
[Date "2013.3.10"]
[Round "-"]
[White "ValterPinto"]
[Black "Andrei_78"]
[Result "0-1"]
[WhiteElo "1763"]
[BlackElo "1783"]

1. e4 e5 2. Nf3 d6 3. d4 exd4 4. Nxd4 c5 5. Nf3 Bg4 6. Be2 h6 7. Nc3 Be6 8. O-O
a6 9. Re1 Nf6 10. Bd3 Nc6 11. e5 dxe5 12. Nxe5 Nxe5 13. Rxe5 Bd6 14. Re1 O-O 0-1

[Event "Challenge"]
[Site "http://www.queenalice.com/game.php?id=1160415"]
[Date "2013.3.12"]
[Round "-"]
[White "ValterPinto"]
[Black "Andrei_78"]
[Result "0-1"]
[WhiteElo "1748"]
[BlackElo "1798"]

1. e4 e5 2. Nc3 c6 3. Nf3 d6 4. Be2 h6 5. d4 exd4 6. Nxd4 Nf6 7. O-O Be7 8. Bd3
a6 9. Re1 O-O 10. Nf3 Nbd7 11. Be3 b5 12. Qd2 Ng4 0-1

[Event "Challenge"]
[Site "http://www.queenalice.com/game.php?id=1170635"]
[Date "2013.4.11"]
[Round "-"]
[White "paulsen"]
[Black "ValterPinto"]
[Result "1-0"]
[WhiteElo "1719"]
[BlackElo "1729"]

1. e4 e5 2. Nf3 Nc6 3. Bb5 Nd4 4. Nxd4 exd4 5. d3 c6 6. Bc4 d6 7. Qf3 Nf6 8. Bg5
Be7 9. Bxf6 Bxf6 10. c3 O-O 11. O-O Re8 12. cxd4 Qb6 13. b3 Qxd4 14. Nd2 b5 15.
Bxf7+ Kxf7 16. Qh5+ Ke7 17. Nf3 Qxd3 18. Rad1 Qc3 19. Ng5 Be6 20. Nxe6 Kxe6 21.
Rc1 Qb2 22. Rxc6 Be5 23. Qf5+ 1-0

[Event "mesa 16"]
[Site "http://www.queenalice.com/game.php?id=1174254"]
[Date "2013.4.22"]
[Round "-"]
[White "ANOK"]
[Black "ValterPinto"]
[Result "1-0"]
[WhiteElo "1838"]
[BlackElo "1706"]

1. e4 e5 2. Nf3 Nc6 3. Bb5 d6 4. O-O Nf6 5. Nc3 Be7 6. Nd5 O-O 7. Nxf6+ Bxf6 8.
d4 exd4 9. Bxc6 bxc6 10. Nxd4 Bxd4 11. Qxd4 Bb7 12. Bh6 gxh6 13. Rfe1 Re8 14.
Re3 c5 15. Rg3+ Kf8 16. Qg7+ Ke7 17. Qxh7 Kd7 18. Qf5+ Re6 19. Qxf7+ Qe7 20. Qf4
Rf8 21. Qe3 Rxe4 22. Qc3 Re8 23. Rg7 Qxg7 24. Qxg7+ R8e7 25. Qc3 a6 26. h3 R4e5
27. Kh2 Rg5 28. g3 Re2 29. Rf1 h5 30. h4 Rg4 31. Qd3 Rge4 32. Qc3 Rd4 33. Qb3
Bd5 34. Qa3 Rdd2 35. Qxa6 Rxf2+ 36. Rxf2 Rxf2+ 37. Kg1 Rxc2 38. Qa4+ 1-0

[Event "Challenge"]
[Site "http://www.queenalice.com/game.php?id=1174899"]
[Date "2013.4.24"]
[Round "-"]
[White "jeffeson"]
[Black "ValterPinto"]
[Result "1-0"]
[WhiteElo "1839"]
[BlackElo "1713"]

1. d4 e6 2. c4 d5 3. Nc3 Nf6 4. Nf3 c5 5. dxc5 Bxc5 6. Bg5 Be7 7. e3 O-O 8. Be2
Nc6 9. O-O h6 10. Bh4 Re8 11. Rc1 Qd6 12. Nb5 Qd8 13. Nbd4 Nxd4 14. Qxd4 b6 15.
cxd5 exd5 16. b4 Qd6 17. Rfd1 Bb7 18. b5 Qd7 19. Ne5 Qe6 20. Nc6 Bc5 21. Qb2
Bxc6 22. bxc6 Qxc6 23. Bb5 Qd6 24. Bxe8 Rxe8 25. Bxf6 Qxf6 26. Qxf6 gxf6 27.
Rxd5 Kh7 28. Rd7 Kg6 29. Rxa7 Rd8 30. Kf1 Rd2 31. a4 Bb4 32. Rcc7 Kf5 33. Rc4
Bc5 34. Ke1 Ra2 35. a5 Ke5 36. axb6 1-0

[Event "Challenge"]
[Site "http://www.queenalice.com/game.php?id=1174900"]
[Date "2013.4.24"]
[Round "-"]
[White "Cubanauta"]
[Black "ValterPinto"]
[Result "0-1"]
[WhiteElo "1638"]
[BlackElo "1716"]

1. d4 e6 2. e4 d5 3. exd5 exd5 4. c4 Nf6 5. Bg5 Be7 6. a3 O-O 7. c5 Nc6 8. Nc3
Re8 9. Be2 h6 10. Bf4 Na5 11. b4 Nc6 12. h3 Ne4 13. Qb3 Nxd4 14. Qb2 Bf6 15. Nf3
Nxe2 16. Bd2 N4xc3 0-1

[Event "Challenge"]
[Site "http://www.queenalice.com/game.php?id=1174902"]
[Date "2013.4.24"]
[Round "-"]
[White "Knightgirl"]
[Black "ValterPinto"]
[Result "1/2-1/2"]
[WhiteElo "1796"]
[BlackElo "1752"]

1. d4 e6 2. Nf3 d5 3. e3 c5 4. Bb5+ Nc6 5. Bxc6+ bxc6 6. dxc5 Bxc5 7. O-O Nf6 8.
Nc3 O-O 9. Ne5 Qc7 10. Nd3 Bd6 11. Nf4 e5 12. Nh5 Nxh5 13. Qxh5 d4 14. exd4 exd4
15. Ne4 c5 16. Ng5 h6 17. Nf3 Bb7 18. Bxh6 gxh6 19. Qxh6 Bf4 20. Qh5 Qd7 21. Ng5
Qf5 22. h4 Kg7 23. Qe2 Rh8 24. Nf3 Bxf3 25. Qxf3 Rxh4 26. g3 Rg4 27. Kg2 Rg8 28.
Rae1 Qg5 29. Re4 Kf8 30. Rfe1 Be3 31. Rxg4 Qxg4 32. fxe3 Qg6 33. exd4 cxd4 34.
Re2 Qh7 35. Kg1 Rh8 36. Rd2 Qh6 37. Rf2 Qc1+ 38. Rf1 Qe3+ 39. Qxe3 dxe3 40. Re1
Rh6 41. Rxe3 Rc6 42. c3 f5 43. Re5 Rf6 44. Rc5 a6 45. b4 Ke7 46. Rc7+ Kd6 47.
Rc5 Rg6 48. Kg2 f4 49. Rf5 Rxg3+ 50. Kf2 Rxc3 51. Rf6+ Kd5 52. Rf5+ Ke4 53. Rc5
Ra3 54. Rc4+ Kd3 55. Rc6 Rxa2+ 56. Kf3 Rb2 57. Rxa6 Rxb4 58. Rf6 Rd4 59. Rxf4
Rxf4+ 60. Kxf4 Kd4 1/2-1/2

[Event "Challenge"]
[Site "http://www.queenalice.com/game.php?id=1177395"]
[Date "2013.5.2"]
[Round "-"]
[White "ATeixeira"]
[Black "ValterPinto"]
[Result "1-0"]
[WhiteElo "2061"]
[BlackElo "1706"]

1. e4 e5 2. Nf3 Nc6 3. Bb5 d6 4. Bxc6+ bxc6 5. O-O Nf6 6. Re1 Be7 7. d4 exd4 8.
Nxd4 Bb7 9. Nc3 O-O 10. Nf5 Re8 11. Bg5 d5 12. Nxe7+ Rxe7 13. e5 h6 14. Bxf6
gxf6 15. Qg4+ Kh7 16. Qf5+ Kg8 17. exf6 Rxe1+ 18. Rxe1 Bc8 19. Qf4 Be6 20. Qxh6
Qf8 21. Qg5+ Kh7 22. Qe5 Rc8 23. f4 Qh6 24. f5 Rf8 25. Re3 Qxe3+ 26. Qxe3 Bxf5
27. Qg5 Bg6 28. Qh4+ Kg8 29. Qh6 1-0

[Event "Challenge"]
[Site "http://www.queenalice.com/game.php?id=1179711"]
[Date "2013.5.8"]
[Round "-"]
[White "ValterPinto"]
[Black "ATeixeira"]
[Result "0-1"]
[WhiteElo "1704"]
[BlackElo "2050"]

1. e4 c5 2. Nf3 d6 3. Nc3 Nf6 4. Bc4 e6 5. O-O Be7 6. Re1 Nc6 7. d4 cxd4 8. Nxd4
Bd7 9. Ndb5 Ne5 10. Nxd6+ Bxd6 11. Qxd6 Nxc4 12. Qb4 Qc7 13. b3 Ne5 14. Bf4 Nd3
15. cxd3 Qxf4 16. Nb5 Bxb5 17. Qxb5+ Nd7 18. Qxb7 Qb8 19. Qxb8+ Rxb8 20. Rac1
Kd8 21. Re2 Rc8 22. Rxc8+ Kxc8 23. Rc2+ Kb7 24. d4 Rc8 25. Rc4 Nb6 26. Rxc8 Nxc8
27. f4 Nd6 28. e5 Nb5 29. Kf2 Nxd4 30. Ke3 Nf5+ 31. Kd3 h5 32. a4 a5 33. g3 Kc6
34. Kc3 Kc5 0-1

[Event "Challenge"]
[Site "http://www.queenalice.com/game.php?id=1180087"]
[Date "2013.5.9"]
[Round "-"]
[White "ATeixeira"]
[Black "ValterPinto"]
[Result "1/2-1/2"]
[WhiteElo "2047"]
[BlackElo "1702"]

1. e4 e5 2. Nf3 Nc6 3. Bb5 Nd4 4. Nxd4 exd4 5. O-O Be7 6. c3 dxc3 7. bxc3 c6 8.
Be2 d6 9. d4 Nf6 10. Qc2 O-O 11. Bf4 1/2-1/2

[Event "Challenge"]
[Site "http://www.queenalice.com/game.php?id=1180090"]
[Date "2013.5.9"]
[Round "-"]
[White "ValterPinto"]
[Black "porai"]
[Result "1-0"]
[WhiteElo "1713"]
[BlackElo "1988"]

1. e4 e5 2. Nc3 Nf6 3. Nf3 d6 4. d4 Nbd7 5. Bg5 Be7 6. Be2 O-O 7. O-O Re8 8. Re1
h6 9. Be3 c5 10. dxc5 Nxc5 11. Bxc5 dxc5 12. Bd3 Qc7 13. Nd5 Nxd5 14. exd5 Bg4
15. Be2 Rad8 16. c4 f6 17. h3 Bd7 18. Qc2 b6 19. Bd3 Bd6 20. Be4 Rf8 21. Nh4 b5
22. Re3 bxc4 23. Rg3 Qc8 24. Qd2 g5 25. Nf3 f5 26. Nxg5 hxg5 27. Qxg5+ Kf7 28.
Bf3 1-0

[Event "Challenge"]
[Site "http://www.queenalice.com/game.php?id=1187528"]
[Date "2013.6.4"]
[Round "-"]
[White "ValterPinto"]
[Black "ATeixeira"]
[Result "1/2-1/2"]
[WhiteElo "1754"]
[BlackElo "2154"]

1. e4 c5 2. Nf3 Nf6 3. Nc3 d6 4. Be2 a6 5. O-O e6 6. d4 cxd4 7. Nxd4 Be7 8. Re1
O-O 9. Bd3 Qc7 10. Nf3 Nc6 11. b3 Ne5 12. Bb2 Nxd3 13. Qxd3 Rd8 14. Ne2 b6 15.
Ned4 Bb7 16. Ng5 Qd7 17. e5 dxe5 18. Rxe5 h6 19. Ngf3 Qc7 20. Rd1 Bd6 21. Re2 e5
22. Rde1 e4 23. Qe3 exf3 24. Nxf3 Bxf3 25. Qxf3 Re8 26. Kf1 Rad8 27. Bxf6 Rxe2
28. Rxe2 gxf6 29. Qxf6 Bf4 30. Re7 Rd1+ 31. Ke2 Qxc2+ 32. Kf3 Rd3+ 33. Kg4 h5+
34. Kxh5 Rd5+ 35. Kg4 Qg6+ 36. Qxg6+ fxg6 37. Kxf4 Rd2 38. Kf3 b5 39. a4 Rd3+
40. Re3 Rd6 41. axb5 axb5 42. g4 Kf7 43. h4 Rc6 44. Kg3 b4 45. f4 Rc3 46. Kf3
Rc5 47. g5 Rc8 48. Kg4 Rc3 49. Rg3 Ke6 50. Rf3 Rc1 51. Re3+ Kf7 52. f5 Rg1+ 53.
Kf4 Rh1 54. f6 Rxh4+ 55. Kg3 Rd4 56. Re7+ Kf8 57. Rg7 Rd3+ 58. Kf4 Rxb3 59. Rxg6
Rc3 60. Rg7 Rc5 61. Rb7 Ra5 62. Rxb4 Kf7 63. Re4 Kg6 64. Re5 Ra4+ 65. Kf3 Rb4
66. Kg3 Ra4 67. Kf3 Rb4 68. Re4 Rb5 69. Rg4 Ra5 70. Rf4 Kf7 71. Kg4 Ra1 72. Re4
Kg6 73. Re3 Ra4+ 74. Kg3 Ra5 75. Kf4 Rf5+ 76. Ke4 Rxg5 77. Rf3 Kf7 78. Rf5 Rg1
79. Kd5 1/2-1/2

[Event "Challenge"]
[Site "http://www.queenalice.com/game.php?id=1187636"]
[Date "2013.6.4"]
[Round "-"]
[White "Herbert_Paulo"]
[Black "ValterPinto"]
[Result "0-1"]
[WhiteElo "1393"]
[BlackElo "1770"]

1. e4 e5 2. Nf3 Nc6 3. Bb5 Nge7 4. O-O g6 5. Nc3 Bg7 6. Be2 O-O 7. d3 d5 8. exd5
Nxd5 9. Nxd5 Qxd5 10. Be3 b6 11. Nd2 Bb7 12. Bf3 Qd7 13. Ne4 Rab8 0-1

[Event "Challenge"]
[Site "http://www.queenalice.com/game.php?id=1189824"]
[Date "2013.6.11"]
[Round "-"]
[White "ValterPinto"]
[Black "mysticchess"]
[Result "0-1"]
[WhiteElo "1772"]
[BlackElo "1834"]

1. e4 e5 2. Nf3 d6 3. Nc3 c6 4. Be2 Nd7 5. O-O h6 6. d4 Qc7 7. dxe5 dxe5 8. Bc4
Ngf6 9. Re1 Nc5 10. b3 Bg4 11. Bb2 Bd6 12. a3 O-O 13. b4 Ne6 14. Bxe6 fxe6 15.
h3 Bxf3 16. Qxf3 b5 17. Qg3 Nh5 0-1

[Event "Challenge"]
[Site "http://www.queenalice.com/game.php?id=1189825"]
[Date "2013.6.11"]
[Round "-"]
[White "ValterPinto"]
[Black "Knightgirl"]
[Result "1-0"]
[WhiteElo "1772"]
[BlackElo "1767"]

1. e4 e5 2. Nf3 Bd6 3. Nc3 Nf6 4. d4 O-O 5. dxe5 Bb4 6. exf6 Bxc3+ 7. bxc3 Qxf6
8. Bb2 Qb6 9. Rb1 d6 10. Be2 Qa5 11. a3 Nc6 12. O-O Be6 13. Bd3 Ne5 14. Re1 Nxd3
15. cxd3 Bg4 16. d4 Rae8 17. d5 Bxf3 18. Qxf3 f5 19. e5 dxe5 20. c4 e4 21. Qg3
Re7 22. f3 Qb6+ 23. Kh1 Qg6 24. Qf2 Rfe8 25. Re3 Qa6 26. f4 Qxc4 27. Rg3 Qxd5
28. Rg5 Qa2 29. Rd1 Qb3 30. Qd4 Qb5 31. Rxg7+ Kf8 32. Qf6+ 1-0

[Event "Challenge"]
[Site "http://www.queenalice.com/game.php?id=1189826"]
[Date "2013.6.11"]
[Round "-"]
[White "ValterPinto"]
[Black "worldwide"]
[Result "0-1"]
[WhiteElo "1788"]
[BlackElo "1791"]

1. e4 e5 2. Nf3 d6 3. d4 exd4 4. Nxd4 Nd7 5. Nc3 g6 6. Bc4 Ne5 7. Be2 Bg7 8. O-O
Nf6 9. Re1 h5 10. Nf3 Nxf3+ 11. Bxf3 Ng4 12. Qd3 Qh4 13. Bxg4 hxg4 14. Bf4 Be5
15. Qg3 Bxf4 16. Qxf4 g5 17. Qg3 Be6 18. e5 O-O-O 19. exd6 cxd6 20. Ne4 Qxg3 21.
hxg3 Rhg8 22. b3 Rg6 23. Rad1 d5 24. Nd2 Rh8 25. f3 Rgh6 26. Kf2 gxf3 27. Nxf3
Rf6 28. Kg1 Bg4 29. Rxd5 Bxf3 30. gxf3 Rxf3 31. Rxg5 Rc3 32. Re2 Rd8 33. Rf5
Rxg3+ 34. Kf2 Rg7 35. Kf3 Rf8 36. Rd2 Rfg8 37. Kf4 Rg4+ 38. Ke5 Re8+ 39. Kf6 Rf8
40. Ke7 Rgg8 41. Rxf7 Re8+ 42. Kf6 Rh8 43. Rdd7 Rh6+ 44. Kg7 Rb6 45. Rc7+ Kb8
46. Rfd7 Rc8 47. Rxc8+ Kxc8 48. Re7 Rd6 0-1

[Event "Challenge"]
[Site "http://www.queenalice.com/game.php?id=1189846"]
[Date "2013.6.11"]
[Round "-"]
[White "ValterPinto"]
[Black "drbhat"]
[Result "0-1"]
[WhiteElo "1746"]
[BlackElo "1812"]

1. e4 e5 2. Nf3 Nc6 3. Nc3 Nf6 4. Be2 Bc5 5. O-O h5 6. Re1 h4 7. h3 d5 8. exd5
Nxd5 9. Bb5 Nf4 10. Bxc6+ bxc6 11. Rxe5+ Be7 0-1

[Event "Challenge"]
[Site "http://www.queenalice.com/game.php?id=1189848"]
[Date "2013.6.11"]
[Round "-"]
[White "mysticchess"]
[Black "ValterPinto"]
[Result "1-0"]
[WhiteElo "1848"]
[BlackElo "1758"]

1. e4 e5 2. d3 Nc6 3. c3 Nf6 4. h3 Be7 5. Nf3 O-O 6. Nbd2 d5 7. Qc2 Re8 8. Nb3
dxe4 9. dxe4 b6 10. Be2 Bb7 11. O-O Bd6 12. Be3 Ne7 13. Bd3 Ng6 14. Rad1 Nf4 15.
Bxf4 exf4 16. Nbd2 c6 17. e5 1-0

[Event "Challenge"]
[Site "http://www.queenalice.com/game.php?id=1189853"]
[Date "2013.6.11"]
[Round "-"]
[White "ValterPinto"]
[Black "GI2013"]
[Result "0-1"]
[WhiteElo "1754"]
[BlackElo "1815"]

1. e4 c5 2. Nf3 d6 3. d4 cxd4 4. Nxd4 Nf6 5. Nc3 g6 6. Be2 Nc6 7. O-O Bg7 8. Nf3
O-O 9. Re1 a6 10. Bc4 b5 11. Bd5 Bb7 12. a3 Rc8 13. Nd4 Nxd5 14. exd5 Nxd4 15.
Ne2 Nxc2 16. Qxc2 Rxc2 17. Rb1 Bxd5 18. b4 Ba2 19. Be3 Bxb1 20. Rxb1 Rxe2 0-1

[Event "Amigos do Face"]
[Site "http://www.queenalice.com/game.php?id=1248249"]
[Date "2014.1.15"]
[Round "1"]
[White "westchessdf"]
[Black "ValterPinto"]
[Result "1-0"]
[WhiteElo "1404"]
[BlackElo "1733"]

1. d4 e6 2. Nf3 d5 3. Bf4 Nf6 4. e3 Nc6 5. h3 Be7 6. Be2 O-O 7. O-O Re8 8. Nbd2
Bd6 9. c3 e5 10. dxe5 Nxe5 11. Nxe5 Bxe5 12. Bxe5 Rxe5 13. Bd3 c5 14. Re1 Bf5
15. Nf3 Bxh3 16. Nxe5 Bxg2 17. Kxg2 h6 18. Ng4 Nd7 19. Rh1 Qg5 20. f4 Qe7 21.
Qf3 Re8 22. Rag1 d4 23. Nxh6+ Kf8 24. Nf5 Kg8 25. Rh8+ Kxh8 26. Qh5+ Kg8 27.
Qh7+ Kxh7 28. Nxe7+ g6 29. Rh1+ Kg7 30. Nd5 dxe3 31. Kf3 a6 32. f5 Ne5+ 33. Ke2
c4 34. f6+ 1-0